| 000 | 00365nam a2200133Ia 4500 | ||
|---|---|---|---|
| 008 | 150202s9999 xx 000 0 und d | ||
| 020 | _a733519245 | ||
| 050 |
_aFIC _bFIC |
||
| 100 | _aJordan, Penny. | ||
| 245 |
_aPassionate relationship / _cPenny Jordan. |
||
| 260 |
_aAustralia : _bHarlequin Books, _c1987. |
||
| 300 |
_a220 pages : _c18 cm. |
||
| 650 | _aFiction. | ||
| 999 |
_c282159 _d282159 |
||